• 首页
  • 本馆介绍
  • 公告通知
  • 最新文献
  • 馆藏检索
  • 电子资源
  • 读者导购
  • 参考咨询
  • 我的图书馆
  • 登录
  • 详细信息显示
  • 放入我的书架
  • 预约/预借图书
  • 作者相关作品
  • 分类相关作品
  • 丛书相关作品
  • 出版社相关作品

书目信息

  • 表格格式
  • 工作单格式
  • 卡片格式
题名:
行书艺术教学与黄庭坚作品解读
    
 
作者: 赵平 著
分册:  
出版信息: 北京   北京工业大学出版社  2021.5
页数: 207页
开本: 23cm
丛书名:
单 册:
中图分类: J292.113.5
科图分类:
主题词: 行书--书法
电子资源:
ISBN: 978-7-5639-6736-0
000 01050nam0 2200241 45
001 012001001297
005 20130911092632.0
010    @a978-7-5639-6736-0@dCNY59.80
100    @a20200806d2018 em y0chiy0110 ea
101 0  @achi
102    @aCN@b110000
105    @aa z 000yy
106    @ar
200 1  @a行书艺术教学与黄庭坚作品解读@Axing shu yi shu jiao xue yu huang ting jian zuo pin jie du@f赵平著
210    @a北京@c北京工业大学出版社@d2021.5
215    @a207页@c图@d23cm
330    @a本书以行书艺术教学与黄庭坚作品解读为研究对象,对行书的地位、行书的分类与特点、行书的书写工具、行书的执笔与运笔技巧、历代行书的发展演变与技法以及行书的笔画、部首、间架结构、墨法与章法、临摹等做了论述,解析行书创作的基本要求及创作训练,并以黄庭坚为例,对其生平、书法、行书风格与苏轼行书审美比较以及行书作品《松风阁》《幽兰赋》进行阐述。
600  0 @a黄庭坚@f(1045@x1105)@x书法评论
606 0  @a行书@x书法
690    @aJ292.113.5@v5
701  0 @a赵平@Azhao ping@c(文化)@4著
801    @aCN@b江苏凤凰@c20211018
905    @b1342952-5@dJ292.113.5@e709@f4
    
    行书艺术教学与黄庭坚作品解读/赵平著.-北京:北京工业大学出版社,2021.5
    207页:图;23cm
    
    
    ISBN 978-7-5639-6736-0:CNY59.80
    本书以行书艺术教学与黄庭坚作品解读为研究对象,对行书的地位、行书的分类与特点、行书的书写工具、行书的执笔与运笔技巧、历代行书的发展演变与技法以及行书的笔画、部首、间架结构、墨法与章法、临摹等做了论述,解析行书创作的基本要求及创作训练,并以黄庭坚为例,对其生平、书法、行书风格与苏轼行书审美比较以及行书作品《松风阁》《幽兰赋》进行阐述。
●
相关链接 在E读中查询图书 在五车中查询图书 在当当中查询图书 在豆瓣中查询图书


正题名:行书艺术教学与黄庭坚作品解读     索取号:J292.113.5/709         预约/预借

序号 登录号 条形码 馆藏地/架位号 状态 备注
1 1342952   213429529   第一样本阅览室/ [索取号:J292.113.5/709] 在馆    
2 1342953   213429538   第一借阅区/ [索取号:J292.113.5/709] 在馆    
3 1342954   213429547   第一借阅区/ [索取号:J292.113.5/709] 在馆    
4 1342955   213429556   第一借阅区/ [索取号:J292.113.5/709] 在馆    
唐山师范学院图书馆 欢迎您!
大连网信软件有限公司© 版权所有